000 00568nam a2200205Ia 4500
003 OSt
005 20250221100452.0
008 210210b2005 xxu||||| |||| 00| 0 eng d
020 _a81 87731 59 1
040 _cAL
041 _aKannada
082 _aK894.3 CHAK
100 _aCHANDRAKANTA KUSANURA.
_dಚಂದ್ರಕಾಂತ ಕೂಸನೂರ
_9201628
245 _aKerurunama.
_bಕೆರೂರುನಾಮ
260 _aBallari
_bLohiya Prakashana
_c2005
300 _axii,144
690 _aKannada Fiction
_9201629
906 _a059970
942 _2ddc
_cBK
999 _c107129
_d107129